000 00339 a2200109 4500
001 ART_11249
005 20260410161855.0
008 260409a
245 1 0 _aEstructura Agraria de la Región Pampeana de Córdoba
100 1 _aSonnet, Fernando H.
773 0 _tRevista de Economía
_g- Nº 53 (sep./dic. 1988)
_wREV11077
999 _c25399
_d25399